<?xml version="1.0" encoding="UTF-8"?>
<record
    xmlns:xsi="http://www.w3.org/2001/XMLSchema-instance"
    xsi:schemaLocation="http://www.loc.gov/MARC21/slim http://www.loc.gov/standards/marcxml/schema/MARC21slim.xsd"
    xmlns="http://www.loc.gov/MARC21/slim">

  <leader>00821nam a22002537a 4500</leader>
  <controlfield tag="005">20170123162341.0</controlfield>
  <datafield tag="010" ind1=" " ind2=" ">
    <subfield code="a">A-485756</subfield>
  </datafield>
  <datafield tag="020" ind1=" " ind2=" ">
    <subfield code="c">00.00</subfield>
  </datafield>
  <datafield tag="035" ind1=" " ind2=" ">
    <subfield code="a">A-485756</subfield>
  </datafield>
  <datafield tag="037" ind1=" " ind2=" ">
    <subfield code="b">Cen Lib/Ret</subfield>
  </datafield>
  <datafield tag="040" ind1=" " ind2=" ">
    <subfield code="a">DPL</subfield>
    <subfield code="b">UR</subfield>
  </datafield>
  <datafield tag="082" ind1=" " ind2=" ">
    <subfield code="a">841.08</subfield>
    <subfield code="b">&#x622; &#x63A; &#x627; </subfield>
  </datafield>
  <datafield tag="100" ind1=" " ind2=" ">
    <subfield code="a">&#x622;&#x63A;&#x627; &#x635;&#x627;&#x62F;&#x642; </subfield>
    <subfield code="9">127413</subfield>
  </datafield>
  <datafield tag="245" ind1=" " ind2=" ">
    <subfield code="a">&#x646;&#x6A9;&#x627;&#x62A; &#x641;&#x646; /</subfield>
    <subfield code="c">&#x622;&#x63A;&#x627; &#x635;&#x627;&#x62F;&#x642; </subfield>
  </datafield>
  <datafield tag="246" ind1=" " ind2=" ">
    <subfield code="a">Nikat-e-fun /</subfield>
    <subfield code="b">by Agha Sadiq </subfield>
  </datafield>
  <datafield tag="260" ind1=" " ind2=" ">
    <subfield code="a">&#x644;&#x646;&#x62F;&#x646; </subfield>
    <subfield code="b">&#x627;&#x646;&#x633;&#x679;&#x6CC;&#x679;&#x6CC;&#x648;&#x679; &#x622;&#x641; &#x62A;&#x6BE;&#x631;&#x688; &#x648;&#x631;&#x644;&#x688; &#x627;&#x633;&#x679;&#x688;&#x6CC;&#x632; </subfield>
    <subfield code="c">1989</subfield>
  </datafield>
  <datafield tag="270" ind1=" " ind2=" ">
    <subfield code="b">&#x644;&#x646;&#x62F;&#x646; </subfield>
    <subfield code="a">&#x661;&#x666;&#x60C; &#x648;&#x646;&#x688;&#x631; &#x631;&#x648;&#x688; &#x648;&#x6CC;&#x633;&#x679;  </subfield>
  </datafield>
  <datafield tag="300" ind1=" " ind2=" ">
    <subfield code="a">351p.</subfield>
    <subfield code="c">21cm(Hb)</subfield>
  </datafield>
  <datafield tag="650" ind1=" " ind2=" ">
    <subfield code="a">&#x627;&#x62F;&#x628; -- &#x627;&#x631;&#x62F;&#x648; </subfield>
    <subfield code="9">127414</subfield>
  </datafield>
  <datafield tag="650" ind1=" " ind2=" ">
    <subfield code="a"> &#x627;&#x631;&#x62F;&#x648; &#x634;&#x627;&#x639;&#x631;&#x6CC; - &#x62A;&#x646;&#x642;&#x6CC;&#x62F;</subfield>
    <subfield code="9">107857</subfield>
  </datafield>
  <datafield tag="650" ind1=" " ind2=" ">
    <subfield code="a">Literature -- Urdu</subfield>
    <subfield code="9">127415</subfield>
  </datafield>
  <datafield tag="650" ind1=" " ind2=" ">
    <subfield code="a">Urdu poetry -- Criticism</subfield>
    <subfield code="9">107865</subfield>
  </datafield>
  <datafield tag="942" ind1=" " ind2=" ">
    <subfield code="2">ddc</subfield>
    <subfield code="c">UR</subfield>
    <subfield code="h">841.08</subfield>
    <subfield code="m">&#x622; &#x63A; &#x627; </subfield>
  </datafield>
  <datafield tag="999" ind1=" " ind2=" ">
    <subfield code="c">108524</subfield>
    <subfield code="d">108524</subfield>
  </datafield>
  <datafield tag="952" ind1=" " ind2=" ">
    <subfield code="0">0</subfield>
    <subfield code="1">0</subfield>
    <subfield code="4">0</subfield>
    <subfield code="7">0</subfield>
    <subfield code="a">L</subfield>
    <subfield code="b">L</subfield>
    <subfield code="d">2016-01-22</subfield>
    <subfield code="e">Cen Lib/Ret</subfield>
    <subfield code="g">0.00</subfield>
    <subfield code="l">0</subfield>
    <subfield code="o">841.08 &#x622; &#x63A; &#x627;</subfield>
    <subfield code="p">A-485756</subfield>
    <subfield code="r">2016-01-22 00:00:00</subfield>
    <subfield code="t">00.00</subfield>
    <subfield code="w">2016-01-22</subfield>
    <subfield code="y">UR</subfield>
  </datafield>
</record>
